| 000 | 00629nam a2200205 a 4500 | ||
|---|---|---|---|
| 005 | 20240924071241.0 | ||
| 008 | 081205s2005 es r 000 0 spa d | ||
| 020 | _a849343258X | ||
| 035 | _aUPN01000168358 | ||
| 049 | 4 | _aI | |
| 050 | 4 |
_aPZ74.9 _bR6.38 |
|
| 100 | 1 |
_aRodríguez Serrano, Esteban, _d1978- _932613 |
|
| 245 | 1 | 0 |
_aCurie la atómica / _cEsteban Rodríguez Serrano ; il. Violeta Fernández Villalba. |
| 260 |
_aMadrid : _bEl rompecabezas, _c2005. |
||
| 300 |
_a121 p. : _bil. |
||
| 440 | 0 | _aSabelotod@s | |
| 650 | 4 |
_aLiteratura infantil _94445 |
|
| 650 | 4 |
_aLibros y lectura para niños _92290 |
|
| 905 | _aInfantil | ||
| 999 |
_c140465 _d140465 |
||